| 000 | 00346nam a2200133Ia 4500 | ||
|---|---|---|---|
| 008 | 240624s9999 xx 000 0 und d | ||
| 041 | _aeng | ||
| 082 | _a658.04954 SUB | ||
| 100 | _aSUBBULAKSHMI V | ||
| 245 | _aGLOBALIZATION INDIAN EXPERIENCE | ||
| 260 |
_c2005 _aHyderabad _bICFAI press |
||
| 300 | _axiv, , 165 , 23 : p. : cm. | ||
| 365 |
_cRS _b50 |
||
| 999 |
_c6528 _d6528 |
||